000 004330000a22001690004500
003 MACL
005 20160106160501.0
008 160106b xxu||||| |||| 00| 0 eng d
040 _aMACL
_cMACL
041 _aEnglish
082 _a900/YON
100 _aYonge, C D
_928892
245 _aThe Roman History of Ammianus Marcellinus
260 _bG Bell & Sons Ltd
_c1911
_aLondon
650 _aHistory
_928893
942 _cBK
_k900/YON
_2ddc
999 _c39334
_d39334